| 000 | 00731nam a22002177a 4500 | ||
|---|---|---|---|
| 999 |
_c11264 _d11264 |
||
| 008 | 181024b ||||| |||| 00| 0 eng d | ||
| 020 | _a978-1-4331-3024-3 | ||
| 082 |
_22018 _aDC 070.433 _bR346 |
||
| 100 |
_aRhodes, Leara D. _932435 |
||
| 245 |
_aPeace through media / _cLeara D. Rhodes |
||
| 260 |
_aNew York: _bPeter Lang Pub,Inc., _c©2018. |
||
| 300 |
_axi, 201 pages: _billustrations; _c22 cm |
||
| 500 | _aIncludes references and appendix. | ||
| 650 |
_aWar - Press coverage. _932436 |
||
| 650 |
_aConflict - Press coverage. _932437 |
||
| 650 |
_aMass media and peace. _932438 |
||
| 650 |
_aJournalistic ethics. _932439 |
||
| 650 |
_aJournalism - Political aspects. _932440 |
||
| 365 |
_b3,995.00 _cPhp. |
||
| 942 |
_2ddc _cDC |
||